000
00257nam a22001217a 4500
008
181016b xxu||||| |||| 00| 0 eng d
041
_a
eng
080
_a
621
100
_a
26
101
_a
ENG
245
_a
Aerospace science
_c
Naomi.l.m
942
_2
udc
_c
BK
999
_c
49824
_d
49824